Performance analysis and modelling of variable-speed scroll chiller /
Saved in:
| Main Author: | |
|---|---|
| Format: | Thesis Book |
| Language: | English |
| Published: |
2000.
|
| Tags: |
Add Tag
No Tags, Be the first to tag this record!
|
| LEADER | 00691cam a2200205 a 4500 | ||
|---|---|---|---|
| 001 | u489975 | ||
| 003 | SIRSI | ||
| 008 | 000224s2000 si v 00 1 eng m | ||
| 035 | |a ACR-5680 | ||
| 040 | |a UMM | ||
| 090 | |a TJ7 |b NUS 2000 Hua | ||
| 100 | 1 | 0 | |a Hua, Yi |
| 245 | 1 | 0 | |a Performance analysis and modelling of variable-speed scroll chiller / |c by Hua Yi. |
| 260 | |c 2000. | ||
| 300 | |a xii, 96 leaves : |b ill. ; |c 30 cm. | ||
| 502 | |a Dissertation (M.Eng.) -- National University of Singapore, 2000. | ||
| 504 | |a Bibliography: leaves 72-79. | ||
| 948 | |a 07/11/2001 |b 06/11/2002 | ||
| 596 | |a 1 | ||
| 999 | |a TJ7 NUS 2000 HUA |w LC |c 1 |i A510539278 |l B_KOM4 |m P01UTAMA |r Y |s Y |t TESIS |u 12/11/2002 |o .PUBLIC. BKOM 4 : 45215 | ||
